000 005330000a22001810004500
003 MACL
005 20160303135247.0
008 160303b xxu||||| |||| 00| 0 eng d
040 _aMACL
_cMACL
041 _aHindi
082 _a891.431
100 _aराजेन्‍द्र प्रसाद दुबे
_942420
245 _aउषा किरण
260 _bश्री ब्रिजेश मनोरिया
_c1976
_aभोपाल
350 _a5
650 _aPeotry
_942191
942 _cHIN
_k891.431
_2ddc
999 _c26748
_d26748